00530nam a2200181 a 45000010010000000030011000100080041000210350026000620820016000881000025001042450024001292600036001536500021001899420012002109520091002229980020003139990015003330000-8516ELIB.Books110520 1999  a(ELIB.Books)0000-8661 a241.5 bHau aHauerwas, Stanley M. aThe Truth About God bNashille: Abingdon Press c1999 aChristian Ethics 2ddccBK 00102ddc4070aKBTSbKBTSd2011-05-20l0p13015r2022-01-22 00:00:00w2022-01-22yBK cbate2011-05-20 c8516d8516